Statistics for Website Logo Quiz

Click here to take the quiz!

General Stats

  • This quiz has been taken 75 times
    (74 since last reset)
  • The average score is 7 of 15

Answer Stats

Answer% Correct
Facebook
100%
Amazon
98%
Gmail
96%
The New York Times
85%
Outlook on the Web
66%
Adobe
55%
Earth
40%
Blogger
36%
MSNBC
34%
Office 365
28%
MyFonts
26%
Wikimedia Commons
23%
Moodle
23%
Autodesk
19%
Lexico
17%

Score Distribution

Percentile by Number Answered

Percent of People with Each Score

Your Score History

You have not taken this quiz since the last reset